[Event "Japfa Open"]
[Site "Bali INA"]
[Date "2000.05.10"]
[Round "8"]
[White "Rogers,I"]
[Black "Miezis,N"]
[Result "1/2-1/2"]
[WhiteElo "2562"]
[BlackElo "2481"]

1.d4 Nf6 2.Bg5 Ne4 3.Bf4 c5 4.f3 Nf6 5.d5 e6 6.Nc3 exd5 7.Nxd5 Nxd5 8.Qxd5 Qf6
9.Be5 Qe6 10.O-O-O Nc6 11.Bc3 Nb4 12.Bxb4 cxb4 13.e4 Qxd5 14.Rxd5 b6 15.Bb5 a6
16.Ba4 Bc5 17.Ne2 Ra7 18.Rhd1 Rc7 19.R5d3 f6 20.Nf4 O-O 21.Kb1 b5 22.Bb3+ Kh8
23.g4 g6 24.h4 a5 25.h5 a4 26.Bd5 Bd6 27.Ne2 gxh5 28.gxh5 f5 29.exf5 Bc5
30.Nd4 Ba6 31.Be4 Kg7 32.Ne2 Bc8 33.Nf4 Kh6 34.a3 bxa3 35.bxa3 Rf7 36.Kb2 Bf8
37.Nd5 Rc5 38.Nb6 d6 39.Nxc8 Rxc8 40.Rd5 Rc5 41.Ka2 Rfc7 42.f6 Rf7 43.Rb1 Rxd5
44.Bxd5 Rxf6 45.Rxb5 Rf5 46.Bc6 d5 47.Bxd5 Kxh5 48.c4 Kg5 49.Ra5 h5 50.Rxa4 h4
51.Ra7 Rf6 52.Rh7 Ra6 53.f4+ Kg4 54.f5 Rxa3+ 55.Kb1 Ra6 56.Rh8 Rf6 57.Kc2 Kg3
58.Rg8+  1/2-1/2

[Event "Kaissa CC"]
[Site "Kharkov UKR"]
[Date "2000.05.11"]
[Round "13"]
[White "Gnidash,A"]
[Black "Ivanov,AnA"]
[Result "0-1"]
[WhiteElo "2254"]
[BlackElo "2321"]

1.d4 Nf6 2.Bg5 Ne4 3.Bf4 c5 4.f3 Nf6 5.d5 Qb6 6.Nc3 Qxb2 7.Bd2 Qb6 8.Rb1 Qd8
9.e4 d6 10.Bb5+ Nbd7 11.a4 g6 12.f4 a6 13.Bd3 Bg7 14.Nf3 Qc7 15.Qe2 Nh5 16.g3 O-O
17.O-O c4 18.Bxc4 b5 19.g4 Nxf4 20.Bxf4 bxc4 21.Qe3 Qc5 22.Ne2 Qxe3+ 23.Bxe3 Nf6
24.Ng3 Nxg4 25.Bd4 Ne5 26.Nxe5 Bxe5 27.Bxe5 dxe5 28.a5 Bh3 29.Rfe1 Rab8 30.Rb6 Rxb6
31.axb6 Rb8 32.Rb1 Bd7 33.Nf1 Bb5 34.Ne3 Kf8 35.c3 Ke8 36.Kf2 Rxb6 37.Kg3 Rd6
38.Rb4 Rd7 39.Nxc4 Rc7 40.Nxe5 Rxc3+ 41.Kf4 f6 42.Nc6 Bxc6 43.dxc6 Rxc6 44.Rb8+ Kf7
45.Rb7 Rc3 46.h4 h5 47.Ra7 Rh3  0-1

[Event "Israeli League"]
[Site "Ramat Aviv ISR"]
[Date "2000.05.12"]
[Round "11"]
[White "Milov,V"]
[Black "Avrukh,B"]
[Result "1/2-1/2"]
[WhiteElo "2653"]
[BlackElo "2620"]

1.d4 Nf6 2.Bg5 Ne4 3.Bf4 d5 4.Nd2 c5 5.e3 Qb6 6.dxc5 Nxc5 7.Nb3 e6 8.Nf3 Nc6
9.Be2 Be7 10.O-O O-O 11.c3 Ne4 12.Qc2 Bd7 13.Bd3 Nf6 14.Rfd1 h6 15.Qe2 Rfd8
16.Rac1 Be8 17.h3 Bd6 18.Bxd6 Rxd6 19.Nbd4 Qd8 20.c4 Nxd4 21.Nxd4 dxc4 22.Bxc4 Qb6
23.Rd3 a6 24.Rb3 Qc7 25.Rbc3 Qd8 26.Qf3 Bc6 27.Nxc6 Rxc6 28.Bb3 Rxc3 29.Rxc3 Qd7
30.Qd1 Qb5 31.Qd4 Qe2 32.g3 Qh5 33.Kg2 Qa5 34.Rc5 b5 35.Rc6 Rd8 36.Qb6 Qd2
37.Rc2 Qd7 38.Qxa6 Ne4 39.Qb6 Rf8 40.Qc7 Qd3 41.Qe5 Nd2 42.Rc1 Qe2 43.Qd4 Qf3+
44.Kg1 Qe2 45.Kg2 Qf3+ 46.Kg1 Qe2 47.Kg2  1/2-1/2

[Event "Leonid Stein Mem B"]
[Site "Lviv UKR"]
[Date "2000.05.16"]
[Round "5"]
[White "Chernin,A"]
[Black "Sulypa,A"]
[Result "1/2-1/2"]
[WhiteElo "2583"]
[BlackElo "2449"]

1.d4 Nf6 2.Bg5 Ne4 3.Bf4 c5 4.f3 Qa5+ 5.c3 Nf6 6.d5 g6 7.e4 d6 8.a4 Bg7 9.Na3 Nbd7
10.Nc4 Qc7 11.Nh3 O-O 12.Nf2 Nb6 13.Nd2 Nh5  1/2-1/2

[Event "Open"]
[Site "Pula CRO"]
[Date "2000.05.16"]
[Round "1"]
[White "Brumen,D"]
[Black "Kinez,I"]
[Result "1-0"]
[WhiteElo "2403"]
[BlackElo "2091"]

1.d4 Nf6 2.Bg5 Ne4 3.Bf4 d5 4.e3 g6 5.Be5 f6 6.Bg3 Bg7 7.Bd3 Nxg3 8.hxg3 e5
9.Rxh7 e4 10.Rxh8+ Bxh8 11.Bf1 Be6 12.Nd2 Nd7 13.Ne2 Qe7 14.c4 dxc4 15.Nf4 Bf7
16.Bxc4 Bxc4 17.Nxc4 Qh7 18.Qg4 O-O-O 19.Rc1 Rg8 20.Nd5 Kb8 21.Qxe4 Qf7 22.Na5 f5
23.Qf3 c6 24.Qf4+ Be5 25.dxe5 Qxd5 26.e6+ Ne5 27.Nc4  1-0

[Event "Capablanca Mem Premier II"]
[Site "Varadero CUB"]
[Date "2000.05.20"]
[Round "11"]
[White "Bellon Lopez,JM"]
[Black "Leyva,R"]
[Result "0-1"]
[WhiteElo "2446"]
[BlackElo "2415"]

1.d4 Nf6 2.Bg5 Ne4 3.Bh4 c5 4.f3 g5 5.fxe4 gxh4 6.e3 Qb6 7.b3 Bh6 8.Qd3 Qg6
9.Nf3 d5 10.Nbd2 Nc6 11.exd5 Nb4 12.Qb5+ Bd7 13.Qxd7+ Kxd7 14.Ne5+ Kd8 15.Nxg6 Nxc2+
16.Ke2 hxg6 17.Rc1 Nxe3 18.dxc5 Nxd5 19.Rc4 Bxd2 20.Kxd2 Kc7 21.Bd3 Rad8
22.Re1 Rh5 23.Kc1 e5 24.Be2 Rh7 25.Bf3 Nf4 26.Kb1 Nd3 27.Re3 f5 28.Be2 e4
29.Bxd3 Rxd3 30.Rxd3 exd3 31.Kc1 h3 32.g3 Re7 33.Rh4 Re2 34.Rxh3 Rxa2 35.Rh6 Kc6
36.Rxg6+ Kxc5 37.Rg7 b5 38.Rd7 Rxh2 39.Rxd3 Rg2 40.Rf3 Kb4 41.Kb1 a5 42.Kc1 Re2
43.Rd3 Rf2 44.Re3 Ka3 45.Re5 b4 46.Rxa5+ Kxb3 47.Re5 Rf1+ 48.Kd2 Rf3 49.Kc1 Rxg3
50.Rxf5 Rg1+ 51.Kd2 Kb2 52.Ra5 b3 53.Rb5 Rg8 54.Kd3 Rd8+ 55.Ke2 Kc2 56.Rc5+ Kb1
57.Ra5 b2 58.Ra7 Rd5  0-1

[Event "III Magistral de VRSA"]
[Site "Santo Antonio POR"]
[Date "2000.05.21"]
[Round "2"]
[White "Romero Holmes,A"]
[Black "Campora,D"]
[Result "0-1"]
[WhiteElo "2483"]
[BlackElo "2534"]

1.d4 Nf6 2.Bg5 Ne4 3.Bf4 d5 4.e3 e6 5.Bd3 Bd6 6.Bxe4 dxe4 7.Nc3 Bxf4 8.exf4 Nc6
9.Nge2 f5 10.O-O O-O 11.f3 exf3 12.Rxf3 Qf6 13.Qd2 Rd8 14.Rd1 b6 15.Nb5 Ba6
16.a4 Rd7 17.Re3 Bb7 18.Rd3 Rad8 19.Qe3 Qg6 20.Qf2 Nb4 21.Rg3 Qe8 22.c3 Nd5
23.Re1 Nf6 24.Rh3 Ne4 25.Qh4 h6 26.Na3 Bd5 27.Ng3 c5 28.c4 Bb7 29.d5 Qf7
30.Nxe4 fxe4 31.Qg4 exd5 32.Rxh6 d4 33.Rh4 e3 34.f5 Qf6 35.Qh3 Kf7 36.Nc2 Re7
37.Rg4 Bc8 38.Qh5+ Kg8 39.Rf1 e2 40.Rf3 d3 41.Rh4 Qxh4  0-1

[Event "zt3.2a"]
[Site "Vung Tau VIE"]
[Date "2000.05.27"]
[Round "7"]
[White "Torre,E"]
[Black "Sharavdorj,D"]
[Result "1-0"]
[WhiteElo "2557"]
[BlackElo "2473"]

1.d4 Nf6 2.Bg5 Ne4 3.Bh4 d5 4.Nd2 Nd6 5.e3 Nf5 6.Bg5 h6 7.Bf4 e6 8.Bd3 c5
9.c3 Nc6 10.Ngf3 g5 11.Be5 Nxe5 12.Nxe5 Bg7 13.Qa4+ Kf8 14.O-O Bxe5 15.dxe5 Qc7
16.e4 Bd7 17.Qa3 dxe4 18.Nxe4 b6 19.Nf6 Bc6 20.Bxf5 Qxe5 21.Be4  1-0

[Event "ch-Europe Women"]
[Site "Batumi GEO"]
[Date "2000.05.28"]
[Round "1.3"]
[White "Eidelson,R"]
[Black "Gurieli,N"]
[Result "0-1"]
[WhiteElo "2333"]
[BlackElo "2362"]

1.d4 Nf6 2.Bg5 Ne4 3.Bf4 d5 4.f3 Nf6 5.Nc3 e6 6.e4 Bb4 7.e5 Nfd7 8.Bd3 c5
9.a3 Ba5 10.dxc5 Bxc3+ 11.bxc3 Nxc5 12.Ne2 Nc6 13.Nd4 Qa5 14.O-O O-O 15.Kh1 Qxc3
16.Nb5 Qa5 17.Nd6 Nxd3 18.Qxd3 Qa4 19.c4 dxc4 20.Qxc4 Qxc4 21.Nxc4 b6 22.Nd6 Ne7
23.Rfd1 Nd5 24.Bg3 Ba6 25.a4 h6 26.Bf2 Rfd8 27.Rdc1 f6 28.Bg3 fxe5 29.Bxe5 Rd7
30.a5 Nb4 31.Bg3 Nd3 32.Rc6 Nb4 33.Rc3 bxa5 34.Kg1 Rad8 35.Rxa5 Rxd6 36.Bxd6 Rxd6
37.Rc7 Rd1+ 38.Kf2 Rd2+ 39.Kg3 Bf1 40.Rc8+ Kh7 41.Rxa7 Rxg2+ 42.Kf4 Rxh2
43.Ke5 Rh5+ 44.Kd4 Nd5 45.Raa8 Bg2 46.Rh8+ Kg6 47.Rae8 Bxf3 48.Rxe6+ Nf6
49.Rb8 Rf5 50.Re1 Rd5+ 51.Kc4 Rg5 52.Rc8 h5 53.Re7 h4 54.Rcc7 Kh6 55.Re3 Bg4
56.Ra7 h3 57.Ra2 Rh5 58.Rh2 Bf5 59.Rg3 Rh4+ 60.Kb5 Bd7+ 61.Kb6 g5 62.Kc7 Bf5
63.Rf3 Rf4 64.Rxf4 gxf4 65.Kd6 Kg5 66.Ke7 f3 67.Rf2 Bg4 68.Kf7 Ne4  0-1

[Event "zt3.2a"]
[Site "Vung Tau VIE"]
[Date "2000.05.29"]
[Round "9"]
[White "Tu Hoang Thai"]
[Black "Sharavdorj,D"]
[Result "1-0"]
[WhiteElo "2269"]
[BlackElo "2473"]

1.d4 Nf6 2.Bg5 Ne4 3.Bf4 c5 4.d5 Qb6 5.Nd2 Nxd2 6.Bxd2 Qxb2 7.e4 f5 8.exf5 Qe5+
9.Be3 Qc3+ 10.Bd2 Qe5+ 11.Be3 d6 12.Nf3 Qxf5 13.Bd3 Qh5 14.Rb1 h6 15.c4 g5
16.Qc2 Rg8 17.Bf5 Nd7 18.g4 Qf7 19.Qa4 Rg6 20.Rxb7 e6 21.dxe6 Rxe6 22.Rc7 d5
23.cxd5 Rd6 24.O-O Kd8 25.Qa5 Rb6 26.Rxd7+ Bxd7 27.Ne5 Qxd5 28.Nxd7 Bd6 29.Nxb6 axb6
30.Qxb6+ Ke7 31.Re1 Kf8 32.Be4 Qxe4 33.Qxd6+ Kg8 34.h3  1-0

[Event "NOR Team-ch"]
[Site "Oslo NOR"]
[Date "2000.06.01"]
[Round "2"]
[White "Djurhuus,R"]
[Black "Lie,K"]
[Result "0-1"]
[WhiteElo "2484"]
[BlackElo "2227"]

1.d4 Nf6 2.Bg5 Ne4 3.Bf4 c5 4.f3 Qa5+ 5.c3 Nf6 6.Nd2 cxd4 7.Nb3 Qb6 8.Qxd4 Nc6
9.Qxb6 axb6 10.e4 d5 11.exd5 Nxd5 12.Bd2 e5 13.a3 Be6 14.c4 Nc7 15.Be3 b5
16.cxb5 Bxb3 17.bxc6 bxc6 18.Rc1 Bd5 19.Ne2 Rb8 20.Rc2 Nb5 21.Rd2 Be7 22.f4 f6
23.Ng3 O-O 24.Bd3 Nd6 25.O-O e4 26.Be2 Rb3 27.Bd4 Rfb8 28.Rc1 Bd8 29.Bd1 Rd3
30.Rxd3 exd3 31.Nf1 Nf5 32.Bf2 Rxb2 33.Bf3 Bxf3 34.gxf3 d2 35.Rd1 Ba5 36.Bc5 Rc2
37.Bb4 Bxb4 38.axb4 Rc1 39.Rxd2 Ne3 40.Kf2 Nxf1 41.Rd8+ Kf7 42.h3 Nh2 43.Rd7+ Kg6
44.Kg3 Nf1+ 45.Kf2 Kf5 46.Rxg7 Nh2 47.Rxh7 Kxf4 48.Rh4+ Kg5 49.Re4 Rc3 50.h4+ Kf5
51.Re3 Rc2+ 52.Ke1 Rc4 53.h5 Rxb4 54.Rc3 Kg5 55.Kf2 Rf4 56.Rxc6 Nxf3 57.Kg3 Ne5
58.Ra6 Rf3+ 59.Kg2 Kxh5 60.Ra5 Kg4 61.Ra4+ Rf4 62.Ra6 f5 63.Ra5 Re4 64.Ra8 Re2+
65.Kf1 Rb2 66.Ra3 f4 67.Rc3 Nf3 68.Rc8 Nh2+ 69.Kg1 Kg3  0-1

[Event "FSIMA June"]
[Site "Budapest HUN"]
[Date "2000.06.04"]
[Round "2"]
[White "Pinter,G"]
[Black "Kolbus,D"]
[Result "1/2-1/2"]
[WhiteElo "2378"]
[BlackElo "2286"]

1.d4 Nf6 2.Bg5 Ne4 3.Bf4 d5 4.e3 e6 5.Bd3 Bd6 6.Bxe4 Bxf4 7.exf4 dxe4 8.Ne2 O-O
9.Nd2 f5 10.O-O b6 11.Nc4 Ba6 12.Ne5 Nd7 13.Nc6 Qf6 14.b3 Bb5 15.Ne5 Nxe5
16.dxe5 Qe7 17.c4 Rfd8 18.Qc2 Be8 19.Rfd1 Bh5 20.Rxd8+ Rxd8 21.Rd1 Rxd1+
22.Qxd1 Bxe2 23.Qxe2 Qd8 24.h3 c5 25.Qh5 Qe7 26.Kh2 Qd8 27.Kg1 Qe7 28.Qd1 Kf7
29.Kh2 Kg8 30.a4 Kf7 31.Kg3 Kg8 32.Qd2 Kf7 33.Kh2 Qc7 34.g4 g6 35.Qd1 Qe7
36.gxf5 gxf5 37.Qh5+ Kg7 38.Kg3 Kg8 39.Qd1 Kf7 40.Qh5+ Kg8 41.Qd1 Kf7 42.Qh5+ Kg8
43.Qd1  1/2-1/2

[Event "zt 1.5"]
[Site "Yerevan ARM"]
[Date "2000.06.10"]
[Round "4"]
[White "Ivanisevic,I"]
[Black "Gurcan,S"]
[Result "1-0"]
[WhiteElo "2460"]
[BlackElo "2307"]

1.d4 Nf6 2.Bg5 Ne4 3.Bf4 c5 4.f3 Qa5+ 5.c3 Nf6 6.Nd2 cxd4 7.Nb3 Qb6 8.Qxd4 Qxd4
9.cxd4 Nc6 10.Kf2 g6 11.Rc1 a6 12.h4 Bg7 13.e4 e5 14.dxe5 Nh5 15.Bh2 Bxe5
16.Bxe5 Nxe5 17.g4 Nf6 18.Rd1 O-O 19.Ne2 h5 20.g5 Ne8 21.Nc3 f6 22.Be2 fxg5
23.hxg5 Nc7 24.Kg3 Ne6 25.Rh4 b6 26.f4 Nf7 27.Nd5 b5 28.Na5 Kg7 29.Rdh1 Nc5
30.Nf6 d5 31.e5 Bf5 32.Nc6 Ne4+ 33.Kg2 Nc5 34.Nd4 Bc8 35.Bf3 Rd8 36.Nc6 Rf8
37.Ne7 Be6 38.Bxh5 Nxe5 39.Bf3 Rxf6 40.Rh7+ Kf8 41.gxf6 Nf7 42.Rh8+  1-0

[Event "Parkroyal Int"]
[Site "Surfers Paradise AUS"]
[Date "2000.06.13"]
[Round "7"]
[White "Stead,K"]
[Black "Allen,A"]
[Result "1-0"]
[WhiteElo "2042"]
[BlackElo "2264"]

1.d4 Nf6 2.Bg5 Ne4 3.Bf4 c5 4.f3 Qa5+ 5.c3 Nf6 6.d5 d6 7.e4 g6 8.Nd2 Bg7
9.Ne2 O-O 10.g4 Qd8 11.Ng3 e6 12.c4 b5 13.Qb3 exd5 14.cxd5 a6 15.h4 Re8 16.Be2 Qb6
17.Nc4 Qc7 18.Nxd6 c4 19.Qd1 Nfd7 20.Qc1 Qa5+ 21.Bd2 Qc7 22.Bf4 Qa5+ 23.Kf1 Rd8
24.h5 Qb4 25.hxg6 fxg6 26.Rb1 Ne5 27.Nxc8 Rxc8 28.Bh6 Bh8 29.f4 Nf7 30.f5 Nd7
31.Kg2 Re8 32.Bd2 Qd6 33.Bc3 Nde5 34.g5 gxf5 35.Nxf5 Qg6 36.Bd2 Nd3 37.Qf1 Nde5
38.Bh5 Qb6 39.Be3 Qc7 40.Qf4 Rac8 41.d6 Qb7 42.Bxf7+ Nxf7 43.Ne7+ Rxe7 44.dxe7 Qxe7
45.Qf5 Nd6 46.Qd5+ Nf7 47.Rbf1 Rc7 48.Rxh7 Kxh7 49.g6+ Kxg6 50.Qf5+ Kg7 51.Qg4+  1-0

[Event "zt 1.5"]
[Site "Yerevan ARM"]
[Date "2000.06.14"]
[Round "8"]
[White "Lputian,S"]
[Black "Ilincic,Z"]
[Result "1-0"]
[WhiteElo "2605"]
[BlackElo "2554"]

1.d4 Nf6 2.Bg5 Ne4 3.Bf4 d5 4.e3 Bf5 5.f3 Nd6 6.Nd2 e6 7.c4 Nxc4 8.Nxc4 dxc4
9.e4 Bb4+ 10.Bd2 Bxd2+ 11.Qxd2 Bg6 12.Bxc4 O-O 13.Ne2 Qe7 14.O-O Nd7 15.Rac1 c6
16.Rfd1 Kh8 17.Nf4 Rfd8 18.Rc3 Nb6 19.Bb3 Rd7 20.Rd3 Rad8 21.Qa5 Nc8 22.g3 Rd6
23.Kg2 f6 24.e5 fxe5 25.Nxg6+ hxg6 26.Qxe5 Nb6 27.Re3 Nd7 28.Qa5 Nb6 29.Re4 Nd5
30.Qxa7 Qg5 31.Rde1 b6 32.Qf7 Qf6 33.Qxf6 gxf6 34.Rxe6 Nb4 35.Rxd6 Rxd6 36.a3 Nd5
37.Bxd5 Rxd5 38.Re6 Rxd4 39.Rxf6 Kg7 40.Rxc6 Rd2+ 41.Kh3 Rxb2 42.a4 Kh6 43.f4 Kg7
44.Kg4 Rxh2 45.Rxb6 Rh1 46.a5 Ra1 47.a6 Ra3 48.Rb7+ Kf6 49.a7 Ke6 50.Kg5 Rxg3+
51.Kh6 Ra3 52.Kxg6 Rg3+ 53.Kh7 Ra3 54.Kg8  1-0

[Event "It Ingres"]
[Site "Montauban FRA"]
[Date "2000.06.26"]
[Round "5"]
[White "Boyd,S"]
[Black "Touzane,O"]
[Result "1/2-1/2"]
[WhiteElo "2384"]
[BlackElo "2384"]

1.d4 Nf6 2.Bg5 Ne4 3.Bf4 c5 4.f3 Nf6 5.d5 d6 6.Nc3 g6 7.e4 Bg7 8.Qd2 O-O
9.Bh6 Bxh6 10.Qxh6 e5 11.dxe6 fxe6 12.e5 dxe5 13.Bd3 Qe7 14.O-O-O Nc6 15.Nge2 b6
16.h4 Qg7 17.Qxg7+ Kxg7 18.Be4 Nxe4 19.Nxe4 Nd4 20.N2g3 Bb7 21.c3 Nf5 22.Rd7+ Rf7
23.Nxf5+ exf5 24.Rxf7+ Kxf7 25.Nd6+ Ke6 26.Nxb7 Rb8 27.Nxc5+ bxc5 28.Re1 a5
29.Kc2 h6 30.Re2 a4 31.b3 axb3+ 32.axb3 g5 33.hxg5 hxg5 34.Kb2 g4 35.fxg4 f4
36.Ka3 Ra8+ 37.Kb2 Rg8 38.b4 cxb4 39.cxb4 Rxg4 40.Kc3 Kd5 41.Rd2+ Ke4 42.Re2+ Kf5
43.b5 e4 44.b6 f3 45.gxf3 exf3 46.Rb2  1/2-1/2

[Event "XVIII Open"]
[Site "Andorra AND"]
[Date "2000.06.29"]
[Round "6"]
[White "Canal Oliveras,J"]
[Black "Hernandez,Rom"]
[Result "0-1"]
[WhiteElo "2222"]
[BlackElo "2402"]

1.d4 Nf6 2.Bg5 Ne4 3.Bh4 d5 4.f3 Nf6 5.Nc3 Bf5 6.e4 dxe4 7.Bxf6 exf6 8.fxe4 Bg6
9.Qd3 a6 10.O-O-O c5 11.Nd5 Nc6 12.Nf3 Qa5 13.Qb3 O-O-O 14.Nb6+ Kc7 15.Nc4 Qb4
16.Qxb4 Nxb4 17.a3 Nc6 18.d5 Nd4 19.c3 Nxf3 20.gxf3 b5 21.Ne3 Bd6 22.Bh3 Bf4
23.Rde1 Rhe8 24.Kd2 f5 25.Rhf1 fxe4 26.fxe4 Rxe4  0-1

[Event "AKN Open"]
[Site "Haarlem NED"]
[Date "2000.07.01"]
[Round "4"]
[White "Rausis,I"]
[Black "Solleveld,M"]
[Result "1/2-1/2"]
[WhiteElo "2486"]
[BlackElo "2396"]

1.d4 Nf6 2.Bg5 Ne4 3.Bh4 c5 4.Nd2 Nxd2 5.Qxd2 Qb6 6.O-O-O cxd4 7.Nf3 Nc6
8.Nxd4 Nxd4 9.Qxd4 Qxd4 10.Rxd4 e6 11.e4 Bc5 12.Rd2 b6 13.c3 Be7 14.Bg3 a6
15.Bd3 Bb7 16.Bc2 Bc6 17.f3 O-O 18.Bd6 Bxd6 19.Rxd6 Rfc8 20.Rhd1 Kf8 21.e5 h6
22.R1d4 Ra7 23.h4 Rb7 24.h5 f6 25.f4 Ke7 26.Be4 Bxe4 27.Rxe4 Rf8 28.Rd3 Rc7
29.Rg3 Rf7 30.exf6+ Kxf6 31.Rg6+ Ke7 32.f5 Rxf5 33.Rxg7+ Kf8 34.Rh7 Rxh5
35.Rxe6 Rxc3+ 36.bxc3 dxe6 37.Rb7 b5 38.Ra7 Rg5 39.Rxa6 Ke7 40.a4 bxa4 41.Rxa4 Rxg2
42.Rh4 Rg6 43.Kd2 Kd6 44.Rh5 e5 45.Kd3 Kd5 46.c4+ Kd6 47.Ke4 Rg4+ 48.Kd3 Rg3+  1/2-1/2

[Event "White Nights Open"]
[Site "St Petersburg RUS"]
[Date "2000.07.01"]
[Round "8"]
[White "Eliseev,A"]
[Black "Guseinov,K"]
[Result "1/2-1/2"]
[WhiteElo "2325"]
[BlackElo "2324"]

1.d4 Nf6 2.Bg5 Ne4 3.Bh4 c5 4.f3 g5 5.fxe4 gxh4 6.e3 Nc6 7.Nf3 Bg7 8.Nxh4 e6
9.Qg4 Bf6 10.Nf3 cxd4 11.exd4 Qb6 12.Nbd2 Nxd4 13.Nxd4 Bxd4 14.Rb1 d5 15.Bd3 Bd7
16.exd5 O-O-O 17.Nc4 Qc5 18.Nd6+ Kb8 19.c3 Bf2+ 20.Kf1 Qxd6 21.Kxf2 Qxd5
22.Qg3+ Ka8 23.Rhe1 f5 24.Qf3 Qd6 25.Qg3 Qd5 26.Bf1 Bc6 27.Qe5 Qd2+ 28.Re2 Qh6
29.Rd1 a6 30.Rd4 Be4 31.Kg1 Rhg8 32.g3 Qc1 33.a4 Rd5 34.Qxe6 Rdd8 35.Red2 Rde8
36.Qb6 Rc8 37.a5 Qe1 38.Re2 Qc1 39.Kf2 Rg6 40.Rd6 Rgg8 41.Red2 f4 42.gxf4 Bc6
43.R6d4 Rge8 44.Re2 Bb5 45.Rb4 Rxe2+ 46.Bxe2 Re8 47.Bxb5 Qd2+ 48.Kf3 axb5
49.Qxb5 Qe3+ 50.Kg4 Rg8+ 51.Kf5 Rf8+ 52.Kg4 Rg8+ 53.Kf5 Rf8+  1/2-1/2

[Event "ch-NOR Playoff"]
[Site "Asker NOR"]
[Date "2000.07.08"]
[Round "1"]
[White "Agdestein,S"]
[Black "Djurhuus,R"]
[Result "1-0"]
[WhiteElo "2588"]
[BlackElo "2484"]

1.d4 Nf6 2.Bg5 Ne4 3.Bf4 c5 4.f3 Qa5+ 5.c3 Nf6 6.d5 Qb6 7.Bc1 d6 8.e4 g6
9.c4 Bg7 10.Nc3 O-O 11.Nge2 e6 12.Ng3 exd5 13.cxd5 h5 14.Be2 Nbd7 15.Qc2 h4
16.Nf1 h3 17.gxh3 Nh5 18.Ng3 Ndf6 19.h4 Bh3 20.Nd1 Rfe8 21.Nf2 Bd7 22.O-O Rac8
23.a4 c4 24.Kg2 Nh7 25.Ra3 Qd8 26.Nxh5 gxh5 27.f4 Qxh4 28.Bxc4 Kh8 29.Rg3 Qf6
30.Kh1 h4 31.Rg2 Qd4 32.b3 Rg8 33.Rfg1 Bf6 34.Nd1 Rxg2 35.Qxg2 Re8 36.Nf2 h3
37.Qf3 Rg8 38.Rd1 Qa1 39.f5 Qa2 40.Bf4 Bxa4 41.Bxd6 b5 42.e5 bxc4 43.bxa4 Bh4
44.Nxh3 c3 45.e6 c2 46.Rc1 Bf6 47.exf7 Rd8 48.Qe4 Qb3 49.Nf4 Ng5 50.f8=Q+ Rxf8
51.Ng6+ Kg8 52.Qg2 Rd8 53.h4 Rxd6 54.hxg5 Rxd5 55.Rxc2 Rd1+ 56.Kh2 Qb8+ 57.Kh3 Rd3+
58.Kg4 Bxg5 59.Kh5 Kh7 60.Qxg5 Rh3+ 61.Nh4 Qe8+ 62.Qg6+ Qxg6+ 63.fxg6+ Kg7
64.Rc7+ Kf6 65.Rf7+  1-0

[Event "29th ch-GRE Team"]
[Site "Athens GRE"]
[Date "2000.07.09"]
[Round "4"]
[White "Halkias,S"]
[Black "Zalahoras,N"]
[Result "1-0"]
[WhiteElo "2482"]
[BlackElo "2228"]

1.d4 Nf6 2.Bg5 Ne4 3.Bf4 d5 4.Nd2 Bf5 5.e3 e6 6.Nxe4 Bxe4 7.f3 Bg6 8.h4 h5
9.Bd3 Bxd3 10.Qxd3 Nc6 11.Ne2 Bd6 12.O-O-O Qd7 13.Kb1 O-O-O 14.Bxd6 Qxd6
15.Nf4 Qe7 16.c3 Qf6 17.g3 Rhe8 18.Rhf1 e5 19.Nxh5 Qg6 20.g4 e4 21.fxe4 Rxe4
22.Nf4 Qxg4 23.c4 Ne7 24.cxd5 f5 25.Rc1 Kb8 26.Qa3 Qxh4 27.Qc5 Rd7 28.Rh1 Qf6
29.Ne6 Rxe6 30.dxe6 Qxe6 31.Rh8+ Nc8 32.Qf8 Rf7 33.Qg8 Re7 34.Qxe6 Rxe6 35.Rc5 b6
36.Re5 Rh6 37.Rxh6 gxh6 38.Rxf5 Nd6 39.Rh5 Nf7 40.e4 Kc8 41.e5 c6 42.e6 Ng5
43.Rxh6 Kd8 44.Rg6 Nf3 45.Rg7 Ke8 46.Rd7 Ng5 47.Rd6 Ke7 48.Rxc6 Nxe6 49.Rxe6+  1-0

[Event "t-EuCh U18"]
[Site "Balatonlelle HUN"]
[Date "2000.07.09"]
[Round "1"]
[White "Schenk,Andreas"]
[Black "Saric,A"]
[Result "1-0"]
[WhiteElo "2325"]
[BlackElo "2229"]

1.d4 Nf6 2.Bg5 Ne4 3.Bf4 c5 4.f3 Nf6 5.dxc5 Qa5+ 6.Nc3 Qxc5 7.e4 d6 8.Qd2 g6
9.O-O-O Nc6 10.Be3 Qa5 11.Bc4 Bd7 12.Nge2 Ne5 13.Bb3 Rc8 14.Kb1 Bg7 15.h4 h5
16.Bg5 Qa6 17.Rhe1 Be6 18.f4 Nc4 19.Bxc4 Bxc4 20.Bxf6 Bxf6 21.e5 Bg7 22.exd6 Qxd6
23.Qxd6 exd6 24.Ne4 O-O 25.Nxd6 Rc6 26.Nxc4 Rxc4 27.g3 Rfc8 28.c3 b5 29.Rd2 b4
30.cxb4 Rxb4 31.Rc1 Rcb8 32.Nc3 a5 33.Rcc2 a4 34.Nd1 a3 35.b3 Kf8 36.Rc7 Bd4
37.Rd7 Bf6 38.R7d6 Be7 39.R6d4 R4b6 40.Re2 Bf6 41.Rdd2 Bg7 42.Ne3 Rc6 43.Rc2 Rc3
44.Rxc3 Bxc3 45.Kc2 Bb4 46.Kd3 Kg7 47.Nc2 Bf8 48.Re4 f6 49.b4 g5 50.Kc3 f5
51.Rc4 gxh4 52.gxh4 Be7 53.Rc7 Kf6 54.Kc4 Bd6 55.Rc6 Ke7 56.b5 Bxf4 57.Nd4 Kd7
58.Rf6 Rg8 59.Rf7+ Kd6 60.Rf6+ Kd7 61.Rxf5 Rg4 62.Kd5 Rxh4 63.Rf7+ Ke8 64.Rh7 Rh2
65.Ke6 Kd8 66.b6 Rb2 67.Rh8+  1-0

[Event "10th Smith & Williamson YM"]
[Site "Witley ENG"]
[Date "2000.07.14"]
[Round "1"]
[White "Pert,R"]
[Black "Bates,Ri"]
[Result "0-1"]
[WhiteElo "2298"]
[BlackElo "2368"]

1.d4 Nf6 2.Bg5 Ne4 3.Bf4 c5 4.f3 Qa5+ 5.c3 Nf6 6.d5 Qb6 7.Bc1 g6 8.e4 d6
9.c4 Bg7 10.Nc3 O-O 11.Bd3 e6 12.Nge2 exd5 13.exd5 Nbd7 14.b3 Re8 15.O-O Ne5
16.Bc2 Nh5 17.Rb1 f5 18.Bb2 a6 19.h3 Qd8 20.f4 Nf7 21.Bd3 Bd7 22.Kh2 b5 23.cxb5 axb5
24.Nxb5 Rxa2 25.Bxg7 Kxg7 26.Nbc3 Ra8 27.b4 Nf6 28.Qb3 Re3 29.Nd1 Ba4 30.Qc4 Bxd1
31.Rfxd1 Qe7 32.Nc3 cxb4 33.Rxb4 Re8 34.Qd4 Kg8 35.Bb5 Nh6 36.Rbb1 Nfg4+
37.Kg1 Qh4 38.Ne2 Qf2+ 39.Kh1 Rxh3+  0-1

[Event "ch-USA Junior"]
[Site "Catonsville USA"]
[Date "2000.07.16"]
[Round "9"]
[White "Zaremba,An"]
[Black "Kolinko,P"]
[Result "1/2-1/2"]
[WhiteElo "2337"]
[BlackElo "2407"]

1.d4 Nf6 2.Bg5 Ne4 3.Bf4 d5 4.Nd2 Nxd2 5.Qxd2 c6 6.Nf3 Bf5 7.e3 e6 8.Bd3 Bxd3
9.cxd3 Nd7 10.O-O Be7 11.Rfc1 a5 12.Rab1 Qb6 13.a3 O-O 14.Qc2 Rfc8 15.Ne5 Nxe5
16.Bxe5 a4  1/2-1/2

[Event "Politiken Cup"]
[Site "Copenhagen DEN"]
[Date "2000.07.20"]
[Round "4"]
[White "El Kher,H"]
[Black "Nilsson,L"]
[Result "1/2-1/2"]
[WhiteElo "2374"]
[BlackElo "2061"]

1.d4 Nf6 2.Bg5 Ne4 3.Bf4 d5 4.Nd2 Nf6 5.e3 Bf5 6.Bd3 Bxd3 7.cxd3 e6 8.Ngf3 Nbd7
9.O-O Bd6 10.Be5 O-O 11.Qb3 Rb8 12.e4 Bxe5 13.dxe5 dxe4 14.dxe4 Nxe5 15.Nxe5  1/2-1/2

[Event "10th Open"]
[Site "Jyvaskyla FIN"]
[Date "2000.07.20"]
[Round "4"]
[White "Paasikangas Tella,J"]
[Black "Kochyev,A"]
[Result "1/2-1/2"]
[WhiteElo "2301"]
[BlackElo "2422"]

1.d4 Nf6 2.Bg5 Ne4 3.h4 c5 4.dxc5 Qa5+ 5.Nd2 Nxg5 6.hxg5 g6 7.c3 Qxc5 8.Ngf3 Bg7
9.e3 Nc6 10.Bd3 b5  1/2-1/2

[Event "10th Open"]
[Site "Jyvaskyla FIN"]
[Date "2000.07.21"]
[Round "5"]
[White "Manninen,M"]
[Black "Hermlin,A"]
[Result "1-0"]
[WhiteElo "2428"]
[BlackElo "2277"]

1.d4 Nf6 2.Bg5 Ne4 3.Bf4 c5 4.d5 Qa5+ 5.c3 d6 6.f3 Nf6 7.e4 g6 8.Na3 Bg7
9.Bd3 O-O 10.Ne2 Qd8 11.O-O a6 12.c4 Nh5 13.Bc1 e5 14.dxe6 Bxe6 15.Nc2 Nc6
16.Ne3 Nd4 17.Nc2 Nc6 18.Rb1 Ne5 19.Ne3 b5 20.b3 Rb8 21.cxb5 axb5 22.Bc2 Nc6
23.f4 Nd4 24.f5 Bd7 25.Ng4 Qh4 26.Nxd4 Bxd4+ 27.Be3 Nf6 28.Nxf6+ Qxf6 29.Bxd4 Qxd4+
30.Qxd4 cxd4 31.fxg6 hxg6 32.Rfd1 Rfc8 33.Rb2 Kf8 34.Rxd4 Ke7 35.Kf2 Be6
36.Bd3 b4 37.Rd2 Rb6 38.Be2 Rc3 39.h4 Rcc6 40.Ke3 Rc3+ 41.Kf4 f6 42.Bf3 Rc5
43.Ke3 Rc3+ 44.R4d3 Rxd3+ 45.Kxd3 Rb8 46.Rc2 Kd7 47.Kd4 Rh8 48.g3 g5 49.Rh2 gxh4
50.gxh4 Ke7 51.h5 Rh6 52.Rc2 Kd7 53.Ke3 Rh8 54.Kf4 Rh7 55.Be2 Rh8 56.Rc1 Rh6
57.Bf3 Rh8 58.Rd1 Ke7 59.Rd4 Ra8 60.Rxb4 Rxa2 61.Rb7+ Kf8 62.b4 Ra4 63.h6 Kg8
64.Bh5 Ra8 65.Bg6 Kh8 66.b5 d5 67.Rh7+ Kg8 68.Re7  1-0

[Event "KB Czech Open"]
[Site "Pardubice CZE"]
[Date "2000.07.21"]
[Round "1"]
[White "Bombek,P"]
[Black "Womacka,M"]
[Result "1/2-1/2"]
[WhiteElo "2271"]
[BlackElo "2486"]

1.d4 Nf6 2.Bg5 Ne4 3.Bf4 c5 4.e3 Qb6 5.Nc3 Nxc3 6.bxc3 Qa5 7.Qd2 d5 8.c4 Qxd2+
9.Kxd2 e6 10.Nf3 Nc6 11.c3 Be7 12.Bd3 dxc4 13.Bxc4 O-O 14.Bd3 b6 15.Be4 Bb7
16.Ne5 Rac8 17.Rhc1 Rfd8 18.Bxc6 Bxc6 19.Nxc6 Rxc6 20.a4 g5 21.Bg3 Rdc8 22.Rab1 h5
23.h3 Kg7 24.Rb3 cxd4 25.exd4 Bf6 26.Ra1 h4 27.Bh2 Rd8 28.Ke3 Rd5 29.Bb8 Ra5
30.Kd3 Rc8 31.Bh2 Rf5 32.f3 Kg6 33.Rb5 Rd8 34.Ke4 Rfd5 35.Rab1 Bg7 36.Rxd5 Rxd5
37.Rb5 Rd7 38.f4 f5+ 39.Ke3 Bf6 40.fxg5 Bxg5+ 41.Kd3 Bd8 42.Be5 Bf6 43.Bxf6 Kxf6
44.a5 Rd5 45.Kc4 Rxb5 46.Kxb5 bxa5 47.Kxa5 e5 48.dxe5+ Kxe5 49.Ka6 Kd5 50.Kxa7 Kc4
51.Kb6 Kxc3 52.Kc5 Kd3 53.Kd5 Ke3 54.Ke5 f4 55.Kf5 f3 56.gxf3 Kxf3 57.Ke5  1/2-1/2

[Event "ch-HUN Women"]
[Site "Budapest HUN"]
[Date "2000.07.22"]
[Round "2"]
[White "Horvath,Ju"]
[Black "Dembo,Y"]
[Result "1-0"]
[WhiteElo "2308"]
[BlackElo "2322"]

1.d4 Nf6 2.Bg5 Ne4 3.Bf4 d5 4.e3 e6 5.Bd3 c5 6.Nf3 Be7 7.O-O O-O 8.c4 Nc6
9.Nc3 Nf6 10.h3 b6 11.cxd5 exd5 12.Ne5 Bb7 13.Rc1 a6 14.g4 b5 15.g5 Ne4 16.Nxe4 Nxe5
17.Nf6+ Bxf6 18.gxf6 Ng6 19.fxg7 Re8 20.Qh5 Re6 21.Be5 Qe8 22.Bf5 Rb6 23.Kh2 Bc8
24.Bb1 Qe6 25.Rg1 Bd7 26.Rg5 Qe7 27.Qxh7+  1-0

[Event "KB Czech Open"]
[Site "Pardubice CZE"]
[Date "2000.07.23"]
[Round "3"]
[White "Bombek,P"]
[Black "Pisk,P"]
[Result "1/2-1/2"]
[WhiteElo "2271"]
[BlackElo "2400"]

1.d4 Nf6 2.Bg5 Ne4 3.Bf4 d5 4.Nd2 Bf5 5.e3 e6 6.Bd3 Nxd2 7.Qxd2 Bxd3 8.Qxd3 c6
9.Nf3 Nd7 10.O-O Be7 11.c4 dxc4 12.Qxc4 Nf6 13.Rab1 a5 14.Rfd1 O-O 15.h3 Ne4
16.Nd2 Nf6 17.Nb3 Qc8 18.Bg5 h6 19.Bh4 Nd5 20.Bxe7 Nxe7 21.Nc5 Nf5 22.Rdc1 Nd6
23.Qc2 Re8 24.Ne4 Nxe4 25.Qxe4 Qd7 26.Rc5 Re7 27.a4 Qc7 28.Qc2 Ra6 29.Qc3 Rd7
30.Rc1 Qb6 31.Rb1 Qd8 32.b4 axb4 33.Qxb4 Qa8 34.a5 Qd8 35.g3 Qa8 36.Kg2 Qd8
37.Kg1  1/2-1/2